000 00559nam a2200229Ia 4500
003 OSt
005 20230315155921.0
008 210423s2006 xx 000 0 und d
020 _a195681207
040 _cAL
041 _aeng
082 _a547
_223
_bLOUG
100 _aLOUDON (G Marc).
_975554
245 _aOrganic chemistry.
250 _a4
260 _aNew York
_bOxford University Press
_c2006
300 _axxxiii,1353
_bPB
365 _b325
_cINR
650 _aOrganic Chemistry
_975555
906 _achemistry. ; Organic
942 _2ddc
_cBK
999 _c153596
_d153596